000 00324nam a2200133Ia 4500
008 240624s9999 xx 000 0 und d
041 _aeng
082 _a519.24 BIS
100 _aBISHOP YVONNE M
245 _aDISCRETE MULTIVARIATE ANALYSIS THEORY AN
260 _c2007
_bSpringer
300 _a559 : p.
365 _cERU
_b30
999 _c26588
_d26588